[Event "AUTO-OPEN-1550"]
[Site "http://www.queenalice.com/game.php?id=587223"]
[Date "2009.5.12"]
[Round "1"]
[White "CLEVERTON0103"]
[Black "astrologo"]
[Result "0-1"]
[WhiteElo "1581"]
[BlackElo "2062"]

1. d4 d5 2. c4 e6 3. e3 Nf6 4. Nf3 Be7 5. Bd3 O-O 6. O-O b6 7. b3 Nbd7 8. Bb2 c5
9. Nc3 cxd4 10. Nxd4 dxc4 11. Bxc4 Ne5 12. Be2 Bb7 13. Rc1 Bb4 14. a3 Bc5 15.
Nf3 Qxd1 16. Rfxd1 Nxf3+ 17. Bxf3 Bxf3 18. gxf3 Rfd8 19. Ne4 Nxe4 20. fxe4 f6
21. Kf1 Kf7 22. Ke2 Ke7 23. f3 e5 24. b4 Rxd1 25. Rxd1 Bd6 26. Rc1 Kd7 27. b5
Bc5 0-1

[Event "AUTO-OPEN-1550"]
[Site "http://www.queenalice.com/game.php?id=587224"]
[Date "2009.5.12"]
[Round "1"]
[White "astrologo"]
[Black "CLEVERTON0103"]
[Result "1-0"]
[WhiteElo "2060"]
[BlackElo "1581"]

1. Nf3 g6 2. e4 Bg7 3. d4 e6 4. Be2 Ne7 5. Bg5 O-O 6. Qd2 d5 7. e5 b6 8. O-O Bb7
9. Qf4 Nd7 10. Qh4 Re8 11. Bh6 Nf5 12. Qxd8 Rexd8 13. Bxg7 Kxg7 14. c3 c5 15.
Na3 a6 16. g4 Ne7 17. Ng5 Nc6 18. Nc2 b5 19. a3 cxd4 20. cxd4 Rac8 21. f4 h6 22.
Nf3 Ncxe5 23. Nfe1 Nc4 24. Bxc4 Rxc4 25. Rd1 Rdc8 26. Rd2 1-0

[Event "AUTO-OPEN-1550"]
[Site "http://www.queenalice.com/game.php?id=587226"]
[Date "2009.5.12"]
[Round "1"]
[White "fugazeton2"]
[Black "CLEVERTON0103"]
[Result "0-1"]
[WhiteElo "1731"]
[BlackElo "1500"]

1. d4 d5 2. c4 Nf6 3. e3 e6 4. c5 b6 5. cxb6 axb6 6. a3 Bd6 7. Nc3 O-O 8. Nf3 c5
9. Be2 Bd7 10. O-O c4 11. g3 b5 12. b3 b4 13. Nb1 cxb3 14. Qxb3 Nc6 15. a4 Qb6
16. Bb2 Rfb8 17. Bb5 Na5 18. Qc2 Bxb5 19. axb5 Qxb5 20. Kg2 Nc4 21. Rxa8 Rxa8
22. Rc1 b3 23. Qe2 Ra2 24. Nc3 Qa5 25. Nxa2 Qxa2 26. h4 Ba3 27. Ne5 Qxb2 28. Qe1
Qxc1 29. Qe2 b2 0-1

[Event "REDE TV NEWS II"]
[Site "http://www.queenalice.com/game.php?id=587601"]
[Date "2009.5.13"]
[Round "-"]
[White "perucona"]
[Black "CLEVERTON0103"]
[Result "1-0"]
[WhiteElo "1604"]
[BlackElo "1486"]

1. e4 c5 2. d4 cxd4 3. Qxd4 Nc6 4. Qd5 Nf6 5. Qd3 e6 6. Qe2 Bc5 7. Be3 Qb6 8.
Bxc5 Qxb2 9. Bd4 Nxd4 10. Qd3 Qxa1 11. c3 Nc6 12. e5 Nd5 13. c4 Nxe5 14. Qd1 Nc3
15. Nxc3 Qxc3+ 16. Qd2 Qa1+ 17. Qd1 Qxa2 18. c5 Qa5+ 19. Qd2 Qxc5 20. Qe3 Qc7
21. f4 Nc4 22. Bxc4 Qxc4 23. Nf3 b6 24. Nd2 Qc1+ 25. Ke2 Qxh1 26. Nf3 Qxg2+ 27.
Qf2 Qxf2+ 28. Kxf2 Bb7 29. Nd4 Rc8 30. Nb3 Rc2+ 31. Ke3 Rc3+ 32. Kd4 Rxb3 33.
Kc4 Bd5+ 34. Kd4 Ke7 35. h4 Kd6 36. h5 h6 37. f5 1-0

[Event "Challenge"]
[Site "http://www.queenalice.com/game.php?id=587920"]
[Date "2009.5.14"]
[Round "-"]
[White "Carlos3000"]
[Black "CLEVERTON0103"]
[Result "1-0"]
[WhiteElo "1515"]
[BlackElo "1506"]

1. e4 c5 2. d3 Nc6 3. Be3 e6 4. Be2 Be7 5. Na3 a6 6. Nc4 b5 7. Na3 Nf6 8. Nf3 d5
9. exd5 exd5 10. O-O O-O 11. Re1 Bb7 12. Nb1 Nd7 13. Nbd2 f6 14. a3 Bd6 15. Nh4
d4 16. Nf5 Bc7 17. Nb3 dxe3 18. Nxe3 Qe8 19. Ng4 Qg6 20. g3 Nde5 21. Nxe5 Nxe5
22. Nxc5 Bc6 23. d4 Nd7 24. Ne6 Rfc8 25. Bh5 Qf5 26. Bg4 Qd5 27. f3 Bb6 28. c3
Re8 29. Re3 f5 30. Bh3 Rxe6 31. Rxe6 Qxe6 32. Bg2 Re8 33. Qd3 Nf6 34. b4 Qe3+
35. Qxe3 1-0

[Event "AUTO-OPEN-1552"]
[Site "http://www.queenalice.com/game.php?id=587961"]
[Date "2009.5.14"]
[Round "1"]
[White "CLEVERTON0103"]
[Black "rxk"]
[Result "0-1"]
[WhiteElo "1745"]
[BlackElo "1878"]

1. d4 d5 2. c4 c6 3. e3 Nf6 4. Nf3 e6 5. Bd3 Nbd7 6. O-O Be7 7. Nc3 O-O 8. b3 h6
9. Bb2 Ne8 10. cxd5 cxd5 11. Bc2 f5 12. Nd2 Ndf6 13. f3 a6 14. Qe2 Nd6 15. e4
fxe4 16. fxe4 dxe4 17. Ndxe4 Ndxe4 18. Nxe4 Nd5 19. Nc5 Qb6 20. Qd3 Rxf1+ 21.
Rxf1 Nf6 22. Ne4 Bd7 23. Nxf6+ Bxf6 24. Qh7+ Kf7 25. Bg6+ Ke7 26. Ba3+ Kd8 27.
Qg8+ Kc7 28. Rc1+ Bc6 29. Qxa8 Qxd4+ 30. Kh1 Qf2 31. Rg1 Bd4 32. Bd6+ Kxd6 33.
Qd8+ Kc5 34. Qa5+ b5 35. Qe1 Qxg1+ 36. Qxg1 Bxg1 37. Kxg1 Kb4 0-1

[Event "AUTO-OPEN-1552"]
[Site "http://www.queenalice.com/game.php?id=587962"]
[Date "2009.5.14"]
[Round "1"]
[White "rxk"]
[Black "CLEVERTON0103"]
[Result "1-0"]
[WhiteElo "1864"]
[BlackElo "1816"]

1. d4 d5 2. c4 dxc4 3. Nc3 e6 4. e3 Nf6 5. Bxc4 a6 6. Nf3 Bd6 7. O-O O-O 8. e4
Be7 9. e5 Nfd7 10. Qd3 b5 11. Bb3 Bb7 12. Bc2 g6 13. Bh6 Re8 14. Ne4 c5 15. Rad1
Qc7 16. Nfg5 cxd4 17. Qf3 f5 18. exf6 Bxf6 19. Nxf6+ Nxf6 20. Qxf6 Nc6 21. Bxg6
1-0

[Event "AUTO-OPEN-1552"]
[Site "http://www.queenalice.com/game.php?id=587965"]
[Date "2009.5.14"]
[Round "1"]
[White "CLEVERTON0103"]
[Black "Soncini"]
[Result "0-1"]
[WhiteElo "1472"]
[BlackElo "2074"]

1. d4 Nf6 2. c4 d5 3. e3 e6 4. Nf3 c6 5. Bd3 Nbd7 6. O-O Bd6 7. Nc3 Qe7 8. a3
dxc4 9. Bxc4 e5 10. b4 h6 11. Bb2 e4 12. Nd2 Nb6 13. Bb3 Bf5 14. Bc2 Nbd5 15.
Qb1 Nxc3 16. Bxc3 Bg6 17. Nc4 Bc7 18. Nd2 O-O 19. Re1 Rfe8 20. Qb2 Nd5 0-1

[Event "AUTO-OPEN-1552"]
[Site "http://www.queenalice.com/game.php?id=587966"]
[Date "2009.5.14"]
[Round "1"]
[White "Soncini"]
[Black "CLEVERTON0103"]
[Result "1-0"]
[WhiteElo "2123"]
[BlackElo "1701"]

1. d4 d5 2. e3 Nf6 3. Bd3 e6 4. Nd2 Bd6 5. f4 b6 6. Ngf3 c5 7. c3 c4 8. Bc2 Bb7
9. O-O a6 10. Ne5 Nfd7 11. Qg4 O-O 12. Bxh7+ Kxh7 13. Qh5+ Kg8 14. Rf3 g6 15.
Nxg6 Qf6 16. Rg3 Rd8 17. Qh6 1-0

[Event "Challenge"]
[Site "http://www.queenalice.com/game.php?id=588552"]
[Date "2009.5.15"]
[Round "-"]
[White "CLEVERTON0103"]
[Black "benjobench"]
[Result "0-1"]
[WhiteElo "1600"]
[BlackElo "1769"]

1. d4 c6 2. c4 d5 3. e3 Nf6 4. Nf3 Bf5 5. Be2 e6 6. O-O a6 7. b3 Bd6 8. Bb2 Nbd7
9. Nc3 Be4 10. Nxe4 Nxe4 11. Nd2 Nxd2 12. Qxd2 Nf6 13. Rac1 Qe7 14. Rfd1 Ne4 15.
Qc2 Qh4 16. g3 Qh6 17. cxd5 exd5 18. Bf3 f5 19. a3 O-O 20. b4 Rae8 21. Qd3 Re6
0-1